| 000 | 00629nam a2200205 u 4500 | ||
|---|---|---|---|
| 005 | 20240228064013.0 | ||
| 008 | 100524s2006 r 000 0 eng d | ||
| 020 | _a9580489823 | ||
| 035 | _aUPN01000176091 | ||
| 049 | _aI | ||
| 050 | 4 |
_aPZ75 _bD9.6 |
|
| 100 | 1 |
_aDyer, Heather, _d1970- |
|
| 245 | 1 | 5 |
_aUnos peces en la habitación número 11 / _cHeather Dyer ; il. Peter Bailey ; tr. Juan Manuel Pombo. |
| 260 |
_aBogotá : _bNorma, _c2006. |
||
| 300 |
_a192 p. : _bil. |
||
| 440 | 0 |
_aTorre de papel. _pAzul |
|
| 650 | 4 |
_aCuentos infantiles ingleses _910002 |
|
| 650 | 4 |
_aLibros y lectura para niños _92290 |
|
| 905 | _aLibro | ||
| 999 |
_c148194 _d148194 |
||